[Event "Championnat de Paris"]
[Site "Paris FRA"]
[Date "2006.07.15"]
[Round "8"]
[White "Landa, Konstantin"]
[Black "Marzolo, Cyril"]
[Result "1-0"]
[WhiteElo "2584"]
[BlackElo "2440"]
[PlyCount "55"]
[EventDate "2006.??.??"]

1. e4 e6 2. d4 d5 3. Nc3 Bb4 4. e5 c5 5. Bd2 Ne7 6. Nb5 Bxd2+ 7. Qxd2 O-O 8. f4
Nbc6 9. Nf3 a6 10. Nd6 Nxd4 11. Nxd4 cxd4 12. Bd3 Qb6 13. O-O-O Bd7 14. g4 Nc8
15. Nxc8 Raxc8 16. f5 Bb5 17. Bxb5 Qxb5 18. f6 d3 19. c3 Qa4 20. Kb1 Qc2+ 21.
Qxc2 dxc2+ 22. Kxc2 Rc4 23. Rd4 Rxd4 24. cxd4 Rc8+ 25. Kd3 g6 26. a4 b6 27. Ra1
a5 28. Rb1 1-0

[Event "Championnat de Paris"]
[Site "Paris FRA"]
[Date "2006.07.15"]
[Round "8"]
[White "Karr, Jean Philippe"]
[Black "Bellaiche, Anthony"]
[Result "1-0"]
[WhiteElo "2394"]
[BlackElo "2482"]
[PlyCount "57"]
[EventDate "2006.??.??"]

1. d4 Nf6 2. c4 e6 3. Nc3 Bb4 4. Qc2 O-O 5. a3 Bxc3+ 6. Qxc3 b6 7. Bg5 Bb7 8.
e3 d6 9. f3 Nbd7 10. Bd3 h6 11. Bh4 c5 12. Ne2 Rc8 13. O-O Qe7 14. b4 Rfe8 15.
Qb3 Ba8 16. Nc3 d5 17. Rfe1 Nf8 18. cxd5 Bxd5 19. Nxd5 exd5 20. Ba6 c4 21. Qa4
Ra8 22. Qc6 g5 23. Bg3 Qe6 24. Qxe6 fxe6 25. e4 Rad8 26. Bc7 Rd7 27. Be5 Rf7
28. Bxf6 Rxf6 29. exd5 1-0

[Event "Championnat de Paris"]
[Site "Paris FRA"]
[Date "2006.07.15"]
[Round "8"]
[White "Fressinet, Laurent"]
[Black "Jankovic, Alojzije"]
[Result "1/2-1/2"]
[WhiteElo "2626"]
[BlackElo "2525"]
[PlyCount "146"]
[EventDate "2006.??.??"]

1. e4 c5 2. Nf3 d6 3. d4 cxd4 4. Nxd4 Nf6 5. Nc3 Nc6 6. Bc4 Qb6 7. Nb3 e6 8.
Bf4 Ne5 9. Be2 Bd7 10. Qd2 a6 11. Bg3 Rc8 12. O-O-O Be7 13. f4 Nc4 14. Qd4 Qxd4
15. Rxd4 b5 16. Bxc4 Rxc4 17. Rxc4 bxc4 18. Na5 d5 19. exd5 Nxd5 20. Nxd5 exd5
21. Re1 f6 22. Rd1 Be6 23. Nc6 Bc5 24. f5 Bxf5 25. Rxd5 Be3+ 26. Kb1 Bd7 27.
Ne5 fxe5 28. Rxe5+ Kf7 29. Rxe3 Bc6 30. Be5 Re8 31. g4 Kg6 32. Kc1 Kg5 33. Kd2
Kxg4 34. Bxg7 Rxe3 35. Kxe3 Kf5 36. Kd4 Be4 37. c3 Bb1 38. a4 Bd3 39. b4 Ke6
40. Kc5 Bc2 41. b5 Bxa4 42. bxa6 Kd7 43. Be5 Bd1 44. a7 Bf3 45. Kxc4 Ke6 46.
Bg3 Kd7 47. Kd4 Kc8 48. Ke5 Kd7 49. h4 Kc7 50. Bf2 Kb7 51. Kd6 Be2 52. Ke7 h5
53. Kd6 Bf1 54. Bc5 Be2 55. Kd5 Bf1 56. Kd4 Bg2 57. Kc4 Bf3 58. Kb4 Ka6 59. Bf2
Kb7 60. Kb5 Bc6+ 61. Ka5 Bd5 62. Bb6 Bf3 63. c4 Bc6 64. c5 Kc8 65. Kb4 Kd7 66.
Kc4 Ke6 67. Kd4 Ba8 68. Bd8 Bc6 69. Bg5 Ba8 70. Ke3 Kf5 71. Kd3 Bc6 72. Kc4 Ke6
73. Bf4 Kd7 1/2-1/2

[Event "Championnat de Paris"]
[Site "Paris FRA"]
[Date "2006.07.15"]
[Round "8"]
[White "Houhou, Olivier"]
[Black "David, Alberto"]
[Result "1/2-1/2"]
[WhiteElo "2255"]
[BlackElo "2546"]
[PlyCount "87"]
[EventDate "2006.??.??"]

1. e4 c5 2. Nf3 d6 3. d4 Nf6 4. Nc3 cxd4 5. Qxd4 a6 6. Bg5 Nc6 7. Qe3 e6 8.
O-O-O Be7 9. h4 Qc7 10. Kb1 Bd7 11. Bd3 Rc8 12. Rhe1 h6 13. Bf4 Ng4 14. Qd2
Nge5 15. h5 b5 16. Be3 Nxf3 17. gxf3 Ne5 18. Rh1 Nxf3 19. Qc1 Qb7 20. Rh3 Ne5
21. f3 b4 22. Ne2 Nxd3 23. Rxd3 e5 24. Rg3 f5 25. Rxg7 fxe4 26. fxe4 Qxe4 27.
Qg1 Rf8 28. Nc1 Qc4 29. Qg6+ Rf7 30. Rg8+ Bf8 31. Rxf8+ Kxf8 32. Bxh6+ Ke8 33.
Qg8+ Ke7 34. Bg5+ Rf6 35. Bxf6+ Kxf6 36. Rf3+ Ke7 37. Qg7+ Kd8 38. Rf8+ Be8 39.
Qg6 Ke7 40. Qg7+ Kd8 41. Qf6+ Kd7 42. Qg7+ Kd8 43. Qf6+ Kd7 44. Qg7+ 1/2-1/2

[Event "Championnat de Paris"]
[Site "Paris FRA"]
[Date "2006.07.16"]
[Round "9"]
[White "Calistri, Tristan"]
[Black "Shirazi, Kamran"]
[Result "1-0"]
[WhiteElo "2370"]
[BlackElo "2429"]
[PlyCount "81"]
[EventDate "2006.??.??"]

1. e4 b6 2. d4 Bb7 3. Bd3 e6 4. Nf3 Nf6 5. Nbd2 c5 6. c3 Nc6 7. a3 Be7 8. O-O
cxd4 9. cxd4 g5 10. d5 exd5 11. exd5 Nxd5 12. Ne4 Nf4 13. Re1 Kf8 14. Bc2 d5
15. Ng3 Bf6 16. Nf5 Ne6 17. Bb3 h5 18. h4 g4 19. Ng5 Ned4 20. Nxd4 Nxd4 21. Bf4
Nf5 22. Rc1 Rc8 23. Qd2 Rc5 24. Rxc5 bxc5 25. Qc2 Nxh4 26. Qxc5+ Kg7 27. Qxa7
Qa8 28. Qb6 Re8 29. Rxe8 Qxe8 30. Qxb7 Bxg5 31. Bxg5 Qe1+ 32. Kh2 Nf3+ 33. Kg3
Qg1 34. Kf4 Qh2+ 35. g3 Qxf2 36. Qxd5 Ne1+ 37. Ke4 f5+ 38. Ke5 Qxg3+ 39. Kxf5
Qf2+ 40. Bf4 Qa7 41. Qg8# 1-0

[Event "Championnat de Paris"]
[Site "Paris FRA"]
[Date "2006.07.16"]
[Round "9"]
[White "Moradiabadi, Elshan"]
[Black "Guliyev, Namig"]
[Result "1/2-1/2"]
[WhiteElo "2502"]
[BlackElo "2543"]
[PlyCount "32"]
[EventDate "2006.??.??"]

1. d4 d5 2. c4 dxc4 3. Nf3 Nf6 4. e3 e6 5. Bxc4 a6 6. Bb3 c5 7. O-O Nc6 8. Nc3
b5 9. Qe2 cxd4 10. Rd1 Be7 11. exd4 Na5 12. Bc2 O-O 13. Bg5 Bb7 14. a4 b4 15.
Bxf6 Bxf6 16. Ne4 g6 1/2-1/2

[Event "Championnat de Paris"]
[Site "Paris FRA"]
[Date "2006.07.16"]
[Round "9"]
[White "Drasko, Milan"]
[Black "Evdokimov, Alexander A"]
[Result "1-0"]
[WhiteElo "2321"]
[BlackElo "2500"]
[PlyCount "123"]
[EventDate "2006.??.??"]

1. d4 Nf6 2. c4 c5 3. d5 g6 4. Nf3 Bg7 5. g3 O-O 6. Bg2 d6 7. O-O e6 8. dxe6
Bxe6 9. Ng5 Bxc4 10. Bxb7 Nbd7 11. Na3 Rb8 12. Nxc4 Rxb7 13. Nxd6 Rb4 14. Qc2
Qe7 15. a3 Rg4 16. Rd1 Nb6 17. e4 Ne8 18. Qxc5 h6 19. Nf3 Nxd6 20. Qxd6 Qxd6
21. Rxd6 Rxe4 22. Rb1 Nc4 23. Rd1 Rb8 24. b3 g5 25. Kf1 Rb7 26. Rd8+ Kh7 27.
Nd2 Nxd2+ 28. Bxd2 Re6 29. Rd5 Rc6 30. b4 Ra6 31. Rb3 Kg6 32. h4 Bf6 33. hxg5
hxg5 34. g4 Rc6 35. Rf3 Be7 36. Rfd3 f6 37. Rd7 Rcc7 38. Rxc7 Rxc7 39. Rd5 a6
40. Ke2 Kf7 41. Kd3 Ke6 42. Ra5 Rc6 43. Bc3 Rd6+ 44. Bd4 Bd8 45. Rf5 Be7 46.
Ke4 Bd8 47. Kd3 Rc6 48. a4 Rd6 49. Kc4 Rc6+ 50. Rc5 Rd6 51. a5 Be7 52. Rc7 Bd8
53. Ra7 f5 54. Bc5 Rc6 55. gxf5+ Kxf5 56. Kd5 Rg6 57. Rd7 Rg8 58. Rf7+ Kg4 59.
Rf8 Rxf8 60. Bxf8 Kf3 61. Bc5 g4 62. b5 1-0

[Event "Championnat de Paris"]
[Site "Paris FRA"]
[Date "2006.07.16"]
[Round "9"]
[White "Jankovic, Alojzije"]
[Black "Landa, Konstantin"]
[Result "1/2-1/2"]
[WhiteElo "2525"]
[BlackElo "2584"]
[PlyCount "23"]
[EventDate "2006.??.??"]

1. d4 Nf6 2. Nf3 d5 3. c4 e6 4. Nc3 dxc4 5. e4 Bb4 6. Bg5 c5 7. e5 cxd4 8. Nxd4
Qa5 9. exf6 Bxc3+ 10. bxc3 Qxg5 11. fxg7 Qxg7 12. Qd2 1/2-1/2

[Event "Championnat de Paris"]
[Site "Paris FRA"]
[Date "2006.07.16"]
[Round "9"]
[White "Bauer, Christian"]
[Black "Karr, Jean Philippe"]
[Result "1-0"]
[WhiteElo "2599"]
[BlackElo "2394"]
[PlyCount "71"]
[EventDate "2006.??.??"]

1. Nc3 c5 2. e4 Nc6 3. Nge2 Nd4 4. Nxd4 cxd4 5. Nb5 Qb6 6. c3 dxc3 7. Nxc3 e6
8. d4 Nf6 9. a3 Be7 10. Be3 d5 11. e5 Nd7 12. Bd3 Nb8 13. Qg4 g6 14. Nxd5 Qa5+
15. Nc3 Nc6 16. O-O O-O 17. b4 Qd8 18. Ne4 a5 19. b5 Nxe5 20. dxe5 Qxd3 21.
Rfd1 Qxb5 22. Bg5 Bxg5 23. Qxg5 Kg7 24. Qf6+ Kg8 25. Rd8 Bd7 26. Rxa8 Rxa8 27.
Nd6 Qb2 28. Qxf7+ Kh8 29. Rf1 Bc6 30. Qf6+ Kg8 31. Qxe6+ Kg7 32. Qf6+ Kg8 33.
Nf7 Qd2 34. e6 Kf8 35. Nd8+ Ke8 36. Nxc6 1-0

[Event "Championnat de Paris"]
[Site "Paris FRA"]
[Date "2006.07.16"]
[Round "9"]
[White "Zatonskih, Anna"]
[Black "Shchekachev, Andrei"]
[Result "1/2-1/2"]
[WhiteElo "2432"]
[BlackElo "2593"]
[PlyCount "119"]
[EventDate "2006.??.??"]

1. e4 c5 2. c3 d5 3. exd5 Qxd5 4. d4 Nf6 5. Na3 e6 6. Be3 cxd4 7. Nb5 Na6 8.
Qxd4 Bd7 9. Nf3 Bc5 10. Qxd5 Nxd5 11. Bxc5 Nxc5 12. Ne5 Bxb5 13. Bxb5+ Ke7 14.
O-O-O Rhd8 15. g3 f6 16. Ng4 h5 17. Ne3 Nxe3 18. fxe3 Ne4 19. Rxd8 Rxd8 20. Rd1
Nd6 21. Bd3 Rc8 22. Rd2 Rc5 23. Kc2 a5 24. b3 b5 25. Kb2 Re5 26. Re2 Rg5 27.
Rf2 Rd5 28. Kc2 Re5 29. Kd2 Rc5 30. Rf4 g5 31. Rf1 Rd5 32. Ke2 Rc5 33. Kd2 Rc8
34. Ra1 Rb8 35. Rc1 h4 36. g4 f5 37. Rg1 Kf6 38. Rf1 Ke5 39. Rg1 Rg8 40. Ke2 b4
41. c4 Nf7 42. c5 fxg4 43. Rxg4 Kf6 44. Rg1 Rc8 45. Rc1 g4 46. c6 Ke7 47. Ba6
Rc7 48. Bb7 Ne5 49. Rc5 Kd6 50. Rxa5 g3 51. hxg3 h3 52. Ra8 Rg7 53. Rh8 Rxg3
54. Rh7 Nxc6 55. Bxc6 Kxc6 56. Rh4 Kc5 57. Rh5+ Kd6 58. Rh4 Kc5 59. Rh5+ Kd6
60. Rh4 1/2-1/2

[Event "Championnat de Paris"]
[Site "Paris FRA"]
[Date "2006.07.16"]
[Round "9"]
[White "Salaun, Yann"]
[Black "Dizdar, Goran"]
[Result "0-1"]
[WhiteElo "2312"]
[BlackElo "2521"]
[PlyCount "62"]
[EventDate "2006.??.??"]

1. d4 Nf6 2. c4 e6 3. Nc3 Bb4 4. e3 O-O 5. Bd3 d5 6. Nf3 c5 7. O-O Nc6 8. a3
Bxc3 9. bxc3 Qc7 10. cxd5 exd5 11. h3 c4 12. Bb1 Re8 13. Nh2 Ne4 14. Qe1 Bf5
15. g4 Bg6 16. f3 Nd6 17. Bxg6 hxg6 18. Ra2 Re7 19. Re2 Rae8 20. Qf2 b5 21.
Rfe1 a5 22. Nf1 b4 23. Ng3 Nb5 24. Rc2 Nxc3 25. Rxc3 bxc3 26. Rf1 Rb8 27. Kg2
Qd6 28. h4 Reb7 29. Kh3 Rb2 30. Qe1 Qxa3 31. Rh1 Nb4 0-1

[Event "Championnat de Paris"]
[Site "Paris FRA"]
[Date "2006.07.16"]
[Round "9"]
[White "Jovanic, Ognjen"]
[Black "Chabanon, Jean Luc"]
[Result "1/2-1/2"]
[WhiteElo "2464"]
[BlackElo "2404"]
[PlyCount "107"]
[EventDate "2006.??.??"]

1. d4 Nf6 2. c4 e6 3. Nf3 c5 4. d5 exd5 5. cxd5 Bd6 6. g3 O-O 7. Bg2 Bc7 8. O-O
d6 9. a4 Nbd7 10. b3 a6 11. Bb2 Rb8 12. Nc3 Re8 13. Qd3 Nf8 14. h3 Ng6 15. e3
Bd7 16. Nd2 b5 17. axb5 axb5 18. Kh2 Ne5 19. Qc2 Ba5 20. Ne2 Bb4 21. Nf4 Qc8
22. Nd3 Bf5 23. e4 Bxd2 24. exf5 Nxd3 25. Qxd3 Bb4 26. Rfc1 Qd8 27. Rc2 h6 28.
f4 Qe7 29. Rd1 Be1 30. Bf3 Qe3 31. Kg2 Qxd3 32. Rxd3 Ra8 33. Bxf6 gxf6 34. Be2
Ra3 35. Rd1 Bxg3 36. Kxg3 Rxb3+ 37. Kf2 c4 38. Ra2 c3 39. Bd3 Rc8 40. Rb1 Rxb1
41. Bxb1 Rc5 42. Bd3 b4 43. Bc2 Rxd5 44. Ke3 Kg7 45. Bb3 Rxf5 46. Ra4 Rh5 47.
Rxb4 Rxh3+ 48. Kd4 f5 49. Bc2 Rf3 50. Rb6 Rxf4+ 51. Kxc3 d5 52. Rd6 d4+ 53.
Rxd4 Rxd4 54. Kxd4 1/2-1/2

[Event "Championnat de Paris"]
[Site "Paris FRA"]
[Date "2006.07.16"]
[Round "9"]
[White "Leconte, Maria"]
[Black "Draoui, Najib"]
[Result "1/2-1/2"]
[WhiteElo "2304"]
[BlackElo "2379"]
[PlyCount "84"]
[EventDate "2006.??.??"]

1. e4 c5 2. Nf3 d6 3. d4 cxd4 4. Nxd4 Nf6 5. Nc3 a6 6. g3 e6 7. Bg2 Be7 8. O-O
O-O 9. Be3 Qc7 10. Qe2 Nbd7 11. Rad1 Rb8 12. f4 Re8 13. a3 Bf8 14. g4 g6 15. g5
Nh5 16. Kh1 b5 17. Rf3 b4 18. axb4 Rxb4 19. Nb3 Bb7 20. Rh3 Bg7 21. Qd3 Bf8 22.
Bf3 d5 23. Bxh5 gxh5 24. Rxh5 Bg7 25. exd5 exd5 26. Qxh7+ Kf8 27. Bd4 Rxd4 28.
Rxd4 Re1+ 29. Kg2 Bxd4 30. Nxd4 Qxf4 31. Nce2 Rxe2+ 32. Nxe2 d4+ 33. Kh3 Qf1+
34. Kh4 Qf2+ 35. Ng3 Qxh2+ 36. Kg4 Ne5+ 37. Kf5 Qf2+ 38. Kxe5 Qxg3+ 39. Kxd4
Qd6+ 40. Kc3 Qc5+ 41. Kd2 Qf2+ 42. Kc3 Qc5+ 1/2-1/2

[Event "Championnat de Paris"]
[Site "Paris FRA"]
[Date "2006.07.16"]
[Round "9"]
[White "Houhou, Olivier"]
[Black "Paredes Galan, Angel"]
[Result "0-1"]
[WhiteElo "2255"]
[BlackElo "2361"]
[PlyCount "94"]
[EventDate "2006.??.??"]

1. e4 Nf6 2. e5 Nd5 3. d4 d6 4. c4 Nb6 5. exd6 cxd6 6. Bd3 g6 7. Nc3 Bg7 8.
Nge2 Nc6 9. d5 Ne5 10. b3 Nxd3+ 11. Qxd3 O-O 12. Bg5 h6 13. Be3 e5 14. O-O Nd7
15. f4 b6 16. Qd2 Kh7 17. f5 gxf5 18. Rxf5 Nf6 19. Ng3 Ng4 20. Nce4 b5 21. cxb5
Nxe3 22. Qxe3 Bxf5 23. Nxf5 Qb6 24. Qxb6 axb6 25. a4 Rac8 26. g4 Rc2 27. Nfxd6
h5 28. h3 hxg4 29. hxg4 Kg6 30. Rf1 Rh8 31. Rf2 Rc1+ 32. Kg2 Rhh1 33. Nf5 Bh6
34. Nxh6 Rcg1+ 35. Kf3 Rxh6 36. g5 Rh4 37. Re2 Rd1 38. d6 Kf5 39. Ng3+ Ke6 40.
Ne4 Rd4 41. Ng3 Rxd6 42. Re3 Rd2 43. Rc3 Kd5 44. Ke3 Rg2 45. Kf3 Rb2 46. Rd3+
Rd4 47. Re3 Rf4# 0-1

[Event "Championnat de Paris"]
[Site "Paris FRA"]
[Date "2006.07.16"]
[Round "9"]
[White "David, Alberto"]
[Black "Badev, Kiril"]
[Result "1-0"]
[WhiteElo "2546"]
[BlackElo "2340"]
[PlyCount "105"]
[EventDate "2006.??.??"]

1. e4 c5 2. Nf3 d6 3. d4 Nf6 4. Nc3 cxd4 5. Nxd4 a6 6. Be3 e5 7. Nde2 Be7 8.
Ng3 Be6 9. Be2 O-O 10. O-O Nc6 11. Nd5 Bxd5 12. exd5 Nb8 13. Nf5 Re8 14. Nxe7+
Qxe7 15. c4 Nbd7 16. b4 a5 17. a3 b6 18. Qb3 Rec8 19. Rfe1 Qd8 20. h3 Qc7 21.
Bf1 h6 22. f4 Re8 23. fxe5 Nxe5 24. Bd4 axb4 25. axb4 Rxa1 26. Rxa1 Nfd7 27.
Qg3 f5 28. Qf4 Rf8 29. Ra6 g5 30. Qf2 f4 31. Bxb6 Qb7 32. c5 Qxd5 33. Bc7 dxc5
34. bxc5 f3 35. Qa2 Qxa2 36. Rxa2 fxg2 37. Bxg2 Nf3+ 38. Bxf3 Rxf3 39. c6 Nf6
40. Be5 Nd5 41. Rd2 Nb6 42. Rd8+ Rf8 43. c7 Kf7 44. Bd4 Nc8 45. Kf2 Ke7+ 46.
Ke3 Re8 47. Ke4 Kf7+ 48. Kd5 Ne7+ 49. Kd6 Nf5+ 50. Kd7 Re7+ 51. Kc6 Re2 52. Bc5
Rc2 53. Rd7+ 1-0

[Event "Championnat de Paris"]
[Site "Paris"]
[Date "????.??.??"]
[Round "1.15"]
[White "Forthofer, Robert"]
[Black "Moradiabadi, Elshan"]
[Result "0-1"]
[WhiteElo "2255"]
[BlackElo "2502"]
[PlyCount "90"]

1. e4 c5 2. Nf3 e6 3. Nc3 a6 4. d4 cxd4 5. Nxd4 Qc7 6. Bd3 b5 7. O-O Bb7 8. Qe2
Nf6 9. Bg5 Bd6 10. h3 Nc6 11. Nxc6 Qxc6 12. Bxf6 gxf6 13. Nd5 Be5 14. f4 Bxb2
15. Rab1 Bd4+ 16. Kh1 Kf8 17. Nb4 Qc5 18. c4 a5 19. Nc2 b4 20. a3 Bc3 21. Qf2
d6 22. axb4 axb4 23. Nxb4 Qxf2 24. Rxf2 Bd4 25. Re2 Bc5 26. Nd5 Bc6 27. Nxf6
Kg7 28. e5 dxe5 29. fxe5 Ra3 30. Be4 Ba4 31. Bc2 Ra2 32. Bd3 Rxe2 33. Bxe2 Bd4
34. Nh5+ Kh6 35. Rf1 Bxe5 36. Rxf7 Rb8 37. Rf1 Kg5 38. g3 Bc6+ 39. Kg1 Bd4+ 40.
Kh2 Rb2 41. Nf4 Kh6 42. g4 Be5 43. h4 Rxe2+ 44. Kh3 Re3+ 45. Kh2 Bf3 0-1

[Event "Championnat de Paris"]
[Site "Paris"]
[Date "????.??.??"]
[Round "4.6"]
[White "Fressinet, Laurent"]
[Black "Rohit, G."]
[Result "1/2-1/2"]
[WhiteElo "2626"]
[BlackElo "2401"]
[PlyCount "139"]

1. e4 e5 2. Nf3 Nc6 3. Bb5 a6 4. Ba4 Nf6 5. O-O Nxe4 6. d4 b5 7. Bb3 d5 8. dxe5
Be6 9. Be3 Be7 10. c3 Qd7 11. Nbd2 O-O 12. Re1 Rad8 13. Bc2 Bf5 14. a4 b4 15.
Nxe4 Bxe4 16. Bxe4 dxe4 17. Qxd7 Rxd7 18. e6 fxe6 19. Nd2 Ne5 20. Nxe4 Nc4 21.
cxb4 Bxb4 22. Re2 Rf5 23. g3 Re5 24. Bf4 Red5 25. Rc1 Nb6 26. Rc6 e5 27. Be3
Nxa4 28. Rec2 Nb6 29. Bxb6 cxb6 30. Rxb6 a5 31. Ng5 h6 32. Rb8+ Rd8 33. Rcc8
Be7 34. Ne4 Rxc8 35. Rxc8+ Kf7 36. Kg2 Rd4 37. Kf3 Rb4 38. Rc2 a4 39. h4 Ke6
40. Ke3 Rb3+ 41. Ke2 Bb4 42. f3 Kd5 43. h5 Kd4 44. g4 Re3+ 45. Kf2 Kd3 46. Rc7
Re2+ 47. Kg3 Be1+ 48. Kh3 Ke3 49. Nd6 Kf2 50. Rxg7 Rxb2 51. g5 hxg5 52. Kg4 a3
53. Ra7 a2 54. h6 Kg1 55. Ne4 Bf2 56. Ra8 Bd4 57. h7 Rg2+ 58. Kf5 Rh2 59. Rxa2
Rxh7 60. Nxg5 Rh2 61. Ra4 Rh4 62. Ne6 Kf2 63. f4 Bb2 64. Ra2 exf4 65. Rxb2+ Kg3
66. Nc5 f3 67. Rb3 Rf4+ 68. Ke5 Kg4 69. Ne4 f2 70. Nxf2+ 1/2-1/2

[Event "Championnat de Paris"]
[Site "Paris"]
[Date "????.??.??"]
[Round "6.25"]
[White "Strugnell, Carl"]
[Black "Rrhioua, Tarik"]
[Result "1/2-1/2"]
[WhiteElo "2216"]
[BlackElo "2329"]
[PlyCount "68"]

1. e4 e6 2. d4 d5 3. Nc3 Bb4 4. e5 c5 5. a3 Bxc3+ 6. bxc3 Ne7 7. Qg4 O-O 8. Bd3
Nbc6 9. Nf3 Nf5 10. Qh3 c4 11. Be2 f6 12. g4 Nfe7 13. exf6 Rxf6 14. Bg5 Rf8 15.
Qg3 Qa5 16. Bd2 Bd7 17. h4 Kh8 18. h5 Ng8 19. Ne5 Nxe5 20. Qxe5 h6 21. Bxc4 Bb5
22. Bxb5 Qxb5 23. a4 Qc4 24. Qe2 Rac8 25. f3 Nf6 26. Qxc4 Rxc4 27. O-O Ne8 28.
Kg2 Nd6 29. Rfe1 Rf6 30. Re2 Rc6 31. Be1 Kg8 32. Bh4 g5 33. Bg3 Nc4 34. Rb1 b6
1/2-1/2